00456 a2200133 450000100060000010000050000624500400001126000360005109000170008794200310010499900190013595200840015495200840023860090 a aJinnah India Partition Independence aNew DelhibRekha Printersc2009 c36867d36867 aNUST-CAEcMONOGRAPHc29854 c295163d295163 001040708NFICaCAEbCAEd2017-04-03l0pCAE81583r2017-04-05w2017-04-05yBK 001040708NFICaCAEbCAEd2017-04-03l0pCAE81584r2017-04-05w2017-04-05yBK